<?xml version="1.0" encoding="UTF-8"?><?xml-stylesheet type="text/xsl" href="static/style.xsl"?><OAI-PMH xmlns="http://www.openarchives.org/OAI/2.0/" xmlns:xsi="http://www.w3.org/2001/XMLSchema-instance" xsi:schemaLocation="http://www.openarchives.org/OAI/2.0/ http://www.openarchives.org/OAI/2.0/OAI-PMH.xsd"><responseDate>2026-04-17T19:01:49Z</responseDate><request verb="GetRecord" identifier="oai:www.recercat.cat:10230/47602" metadataPrefix="marc">https://recercat.cat/oai/request</request><GetRecord><record><header><identifier>oai:recercat.cat:10230/47602</identifier><datestamp>2025-12-24T08:41:24Z</datestamp><setSpec>com_2072_6</setSpec><setSpec>col_2072_452952</setSpec></header><metadata><record xmlns="http://www.loc.gov/MARC21/slim" xmlns:dcterms="http://purl.org/dc/terms/" xmlns:xsi="http://www.w3.org/2001/XMLSchema-instance" xmlns:doc="http://www.lyncode.com/xoai" xsi:schemaLocation="http://www.loc.gov/MARC21/slim http://www.loc.gov/standards/marcxml/schema/MARC21slim.xsd">
   <leader>00925njm 22002777a 4500</leader>
   <datafield ind2=" " ind1=" " tag="042">
      <subfield code="a">dc</subfield>
   </datafield>
   <datafield ind2=" " ind1=" " tag="720">
      <subfield code="a">Torres Pérez, Aida</subfield>
      <subfield code="e">author</subfield>
   </datafield>
   <datafield ind2=" " ind1=" " tag="260">
      <subfield code="c">2021-05-19T07:50:52Z</subfield>
   </datafield>
   <datafield ind2=" " ind1=" " tag="260">
      <subfield code="c">2021-05-19T07:50:52Z</subfield>
   </datafield>
   <datafield ind2=" " ind1=" " tag="260">
      <subfield code="c">2020</subfield>
   </datafield>
   <datafield ind2=" " ind1=" " tag="520">
      <subfield code="a">In Associação Sindical dos Juízes Portugueses, the CJEU seized the occasion to uphold the principle of judicial independence as a primary obligation for the Member States under the second subparagraph of Article 19(1) TEU. This newly crafted interpretation of Article 19(1) has crystallized in Commission v. Poland, in which the CJEU declared that the reform of the Polish law on the Supreme Court lowering the retirement age of judges breached the obligation to respect judicial independence. The goal of this piece is to assess the bold interpretation given to the second subparagraph of Article 19(1) as a building block of the EU’s constitutional order. First, the expansion of the substantive content of Article 19(1) TEU will be analysed. How did the CJEU justify the shift from an obligation to establish a system of remedies ensuring effective judicial review to an obligation of respect for judicial independence? Second, the scope of this obligation and its potential reach will be critically examined. I will argue that Article 19(1) TEU may actually trigger the application of the Charter. Eventually, Article 19(1) TEU has the potential to become an open door for enforcing the Charter against the States regardless of its limited scope of application.</subfield>
   </datafield>
   <datafield ind2=" " ind1=" " tag="520">
      <subfield code="a">Financed by DER2017-84195-P.</subfield>
   </datafield>
   <datafield tag="653" ind2=" " ind1=" ">
      <subfield code="a">Judicial independence</subfield>
   </datafield>
   <datafield tag="653" ind2=" " ind1=" ">
      <subfield code="a">Court of Justice of the European Union</subfield>
   </datafield>
   <datafield tag="653" ind2=" " ind1=" ">
      <subfield code="a">Rule of law</subfield>
   </datafield>
   <datafield tag="653" ind2=" " ind1=" ">
      <subfield code="a">Charter of Fundamental Rights of the EU</subfield>
   </datafield>
   <datafield tag="653" ind2=" " ind1=" ">
      <subfield code="a">Effective judicial protection</subfield>
   </datafield>
   <datafield ind2="0" ind1="0" tag="245">
      <subfield code="a">From Portugal to Poland: the Court of Justice of the European Union as watchdog of judicial independence</subfield>
   </datafield>
</record></metadata></record></GetRecord></OAI-PMH>